| 000 | 00498nmm a2200169Ia 4500 | ||
|---|---|---|---|
| 008 | 251105s9999||||xx |||||||||||||||||und|| | ||
| 020 | _a9786071681188 | ||
| 041 | _aspa | ||
| 100 | _aBlanco, Efraím | ||
| 245 | 0 | _aLa balada de los niños muertos | |
| 264 |
_a[México D.C., Mexico] : _bFondo de Cultura Económica, _c2024 |
||
| 300 | _a96 páginas | ||
| 490 | _aResonancias | ||
| 650 | _aTeen & Young Adult Fiction | ||
| 856 | _uhttps://public.digitaliapublishing.com/a/156412 | ||
| 942 | _cCF | ||
| 999 |
_c75696 _d75696 |
||